BRAINROT - Statistics

General Stats
  • This quiz has been taken 33 times
    31 since last reset
  • The average score is 3 of 12
Answer Stats
Answer % Correct
Skibidi
76%
Rizz
69%
Ohio
59%
Toilet
55%
Sigma
41%
Brainrot
17%
Dog
3%
Caillou
0%
English or Spanish
0%
Ksi
0%
Peppa pig
0%
Ronaldo suuuuuuuuuuii
0%
No matching quizzes found
Score Distribution
Percent of People with Each Score
Percentile by Number Answered
Your Score History
You have not taken this quiz since the last reset